00317nam a2200109Ia 450000500170000000800410001710000300005824500770008826000180016530000110018365000130019420260328101521.0260328s9999||||xx |||||||||||||| ||und|| aSánchez Laws, Ana Luisa 0aPanamánian museums and Histórical memory /cAna Luisa Sánchez Laws bBergham Books a133 p. aHISTORIA